मराठी भाषा आणि शुध्दलेख नः एक विचार मंथन (Record no. 38352)
[ view plain ]
| 000 -LEADER | |
|---|---|
| fixed length control field | 00554nam a2200193Ia 4500 |
| 008 - FIXED-LENGTH DATA ELEMENTS--GENERAL INFORMATION | |
| fixed length control field | 220531s9999 xx 000 0 und d |
| 041 ## - LANGUAGE CODE | |
| Language code of text/sound track or separate title | mar |
| 082 ## - DEWEY DECIMAL CLASSIFICATION NUMBER | |
| Classification number | - |
| 100 ## - MAIN ENTRY--PERSONAL NAME | |
| Personal name | घांडगे मी. |
| 9 (RLIN) | 68241 |
| 245 ## - TITLE STATEMENT | |
| Title | मराठी भाषा आणि शुध्दलेख नः एक विचार मंथन |
| 250 ## - EDITION STATEMENT | |
| Edition statement | 1ST |
| 260 ## - PUBLICATION, DISTRIBUTION, ETC. (IMPRINT) | |
| Place of publication, distribution, etc. | Pune |
| Name of publisher, distributor, etc. | Diamand |
| Date of publication, distribution, etc. | 2014 |
| 300 ## - PHYSICAL DESCRIPTION | |
| Extent | 230 |
| 542 ## - INFORMATION RELATING TO COPYRIGHT STATUS | |
| Copyright holder | 19-12-2014 |
| 551 ## - | |
| -- | Marathi |
| -- | Ugc-MRA |
| 650 ## - SUBJECT ADDED ENTRY--TOPICAL TERM | |
| Topical term or geographic name as entry element | Language |
| 9 (RLIN) | 68242 |
| 906 ## - LOCAL DATA ELEMENT F, LDF (RLIN) | |
| d | 2014-2015 |
| f | 3994 |
| Withdrawn status | Lost status | Source of classification or shelving scheme | Damaged status | Not for loan | Collection code | Home library | Current library | Date acquired | Vendor | Cost, normal purchase price | Total Checkouts | Total Holds | Full call number | Barcode | Date last seen | Bill Date | Koha item type | Original Barcode |
|---|---|---|---|---|---|---|---|---|---|---|---|---|---|---|---|---|---|---|
| Dewey Decimal Classification | Shri Siddhivinayak Mahila Mahavidyalaya | Shri Siddhivinayak Mahila Mahavidyalaya | 07/01/2015 | Diamand | 295.00 | 1 | -/-/B/19720 | SSMM-BK-19720 | 06/08/2022 | 06/08/2022 | Books | 010019720 |